[Event "Stuttgart-chB int"]
[Site "Ditzingen"]
[Date "2018.05.11"]
[Round "3"]
[White "Kobald, Matthias"]
[Black "Lang, Thomas1"]
[Result "0-1"]
[WhiteElo "1705"]
[BlackElo "1796"]
[PlyCount "74"]
[EventDate "2018.05.10"]
[EventType "swiss"]
[EventRounds "7"]
[EventCountry "GER"]
[SourceTitle "EXT 2020"]
[Source "ChessBase"]
[SourceDate "2019.10.17"]
[SourceVersion "1"]
[SourceVersionDate "2019.10.17"]
[SourceQuality "1"]

1. e4 c5 2. d4 cxd4 3. c3 Nf6 4. e5 Nd5 5. cxd4 d6 6. exd6 e6 7. Nc3 Nxc3 8. bxc3 Bxd6 9. Nf3 0-0 10. Bd3 h6 11. 0-0 Nd7 12. Re1 Nf6 13. Qc2 Bd7 14. Ne5 Nd5 15. Rb1 Qc7 16. Bd2 Ne7 17. Qc1 Bxe5 18. Rxe5 f5 19. Re3 Rf6 20. Rg3 f4 21. Rf3 Raf8 22. Bb5 Nc6 23. Qb2 a6 24. Bd3 Nd8 25. Be4 Bc6 26. Bxc6 Qxc6 27. Re1 Rg6 28. Kh1 Rf5 29. Rg1 Rxg2 30. Kxg2 Rg5+ 31. Kf1 Rxg1+ 32. Kxg1 Qxf3 33. Qc1 g5 34. c4 Nf7 35. Qe1 Qg4+ 36. Kf1 f3 37. Qe3 Qg2+ 0-1